00811nam a2200229Ia 4500001000700000003000500007008004100012010001100053040000900064082001700073100006900090245007900159260004400238300002100282440000500303500000500308503000800313650002900321650002700350650002900377650017500406Z_4559CHAP220113s1984 xx 000 0 und d a167634 cCHAP a636.0824 S95 aSymposium sobre Ganadería Tropical (3 : 1984 : Veracruz, Ver.) aMemorias del primer ciclo de conferencias sobre cerdos y aves /cpor INIP aMéxico, D. F. :bEl Instituto,c1984 a128 p. : gráfs a a aC/E aGanadería xCongresos  aGanaderíaxMéxico  aGanaderíaxTrópicos  aTrópicosxGanadería I. Instituto Nacional de Investigaciones Pecuarias. México II. Patronato de Apoyo a la Investigación y Experimentación Pecuaria en México